Merkezi yönetim mali istatistikleri bülteni 2015 / (Record no. 200421773)
[ view plain ]
| 000 -LEADER | |
|---|---|
| fixed length control field | 00906 a2200289 4500 |
| 001 - CONTROL NUMBER | |
| control field | 200421773 |
| 003 - CONTROL NUMBER IDENTIFIER | |
| control field | TR-AnTOB |
| 005 - DATE AND TIME OF LATEST TRANSACTION | |
| control field | 20241121105931.0 |
| 008 - FIXED-LENGTH DATA ELEMENTS--GENERAL INFORMATION | |
| fixed length control field | 150410b tu 000 0 |
| 040 ## - CATALOGING SOURCE | |
| Original cataloging agency | TR-AnTOB |
| Language of cataloging | tur |
| Description conventions | rda |
| 041 0# - LANGUAGE CODE | |
| Language code of text/sound track or separate title | Türkçe |
| 050 00 - LIBRARY OF CONGRESS CALL NUMBER | |
| Classification number | HJ2151.4 |
| Item number | M47 2015 |
| 090 ## - LOCALLY ASSIGNED LC-TYPE CALL NUMBER (OCLC); LOCAL CALL NUMBER (RLIN) | |
| Classification number (OCLC) (R) ; Classification number, CALL (RLIN) (NR) | HJ2151.4.M47 2015 |
| 245 10 - TITLE STATEMENT | |
| Title | Merkezi yönetim mali istatistikleri bülteni 2015 / |
| Statement of responsibility, etc. | Muhaset Genel Müdürlüğü. |
| 264 ## - PRODUCTION, PUBLICATION, DISTRIBUTION, MANUFACTURE, AND COPYRIGHT NOTICE | |
| Place of production, publication, distribution, manufacture | Ankara: |
| Name of producer, publisher, distributor, manufacturer | Maliye Bakanlığı, |
| Date of production, publication, distribution, manufacture, or copyright notice | 2015 |
| 300 ## - PHYSICAL DESCRIPTION | |
| Extent | 126 page ; |
| Other physical details | res., tbl., şkl.; |
| Dimensions | 24 cm. |
| 336 ## - CONTENT TYPE | |
| Content type term | text |
| Source | rdacontent |
| 337 ## - MEDIA TYPE | |
| Media type term | unmediated |
| Source | rdamedia |
| 338 ## - CARRIER TYPE | |
| Carrier type term | volume |
| Source | rdacarrier |
| 650 ## - SUBJECT ADDED ENTRY--TOPICAL TERM | |
| 9 (RLIN) | 26482 |
| Topical term or geographic name entry element | Budget |
| Geographic subdivision | Turkey |
| 9 (RLIN) | 26480 |
| Topical term or geographic name entry element | Bütçe |
| Geographic subdivision | Türkiye |
| 650 #0 - SUBJECT ADDED ENTRY--TOPICAL TERM | |
| Topical term or geographic name entry element | Maliye, Kamu |
| Geographic subdivision | Türkiye |
| 9 (RLIN) | 18842 |
| Topical term or geographic name entry element | Finance, Public |
| Geographic subdivision | Turkey |
| 9 (RLIN) | 18843 |
| 710 ## - ADDED ENTRY--CORPORATE NAME | |
| Corporate name or jurisdiction name as entry element | Türkiye. |
| Subordinate unit | Maliye Bakanlığı. |
| -- | Muhasebat Genel Müdürlüğü |
| 9 (RLIN) | 105498 |
| 942 ## - ADDED ENTRY ELEMENTS (KOHA) | |
| Koha item type | Book |
| Withdrawn status | Lost status | Source of classification or shelving scheme | Not for loan | Collection code | Home library | Current library | Shelving location | Date acquired | Source of acquisition | Inventory number | Total Checkouts | Total Holds | Full call number | Barcode | Copy number | Date shelved | Koha item type |
|---|---|---|---|---|---|---|---|---|---|---|---|---|---|---|---|---|---|
| Library of Congress Classification | Ödünç Verilebilir / Available | Genel Koleksiyon | Merkez Kütüphane | Merkez Kütüphane | Genel Koleksiyon / Main Collection | 10/04/2015 | Bağış / Donation | İKT | HJ2151.4 .M47 2015 | 0046993 | 1 | 10/04/2015 | Book |
